000 nam a22 a 4500
999 _c140390
_d140390
003 BLK
005 20230515135730.0
008 180409b bul|||||r ||||||| ||bul||
010 _aKNG00146451000
040 _aBLK
041 _aBUL
_cBUL
072 7 _2bullib
_aК
_xКраезнание
080 _aНационалноосвободителното движение в България (1856-1877)
_b94(497.2)"1856/1877"
_x(092)
_z94(497.2)"1856/1877"(092)
080 _aСтефан Тодоров Димов. Български национален герой, революционер от българското национално-освободително движение и войвода (1840-1868)
_b929 Стефан Караджа
_z929 Стефан Караджа
100 1 _aПанчаров, Христо Борисов, 1926-
_eпърви автор
_9106422
139 _aПанчаров, Христо
_bС 75
245 1 0 _aСтефан Караджата
_bБиогр. очерк
_cХристо Панчаров.
257 _aBGR
260 _bБКП
_c1956
_aСофия
300 _a28 с.
_c19 см
380 _a9
490 _aБиблиотека Революционни борци
_9205036
500 _a4 000 тир.
600 1 4 _aСтефан Караджа
_9278810
650 4 _aСтефан Караджа
_9278810
650 4 _aНационалноосвободително движение - България - дейци
_9243361
650 4 _aРеволюционери, български
_9252105
651 4 _aБългария
_9241624
653 _aбългарска история
653 _aнационалноосвободителни движения
653 _aСтефан Караджа
653 _aреволюционери
659 _aК
852 _aЦб 3639
852 _aК 94(497.2)"1856/1877"(092)/С 75 К
856 4 _qpdf
_i0.00
_ldisable
856 4 _qpdf
_i0.00
_linternal use only
_fСтефан Караджата
_uhttp://185.138.176.146:18082/cgi-bin/koha/opac-retrieve-file.pl?id=46c5762624fcb4f959d94b2fcc2fdf44
_xebook
_zСтефан Караджата
942 _cKNG
_n0
_s1
944 _aCR
_c18.07.2013
_l18.07.2013 - от С1,Р / 18.07.2013
_kВаля_Йорданова
944 _aED
_c18.07.2013
_l18.07.2013 - от С1,Р / 18.07.2013
999 _d140390
999 _d140390
999 _d140390